<?xml version="1.0" encoding="UTF-8"?>
<record
    xmlns:xsi="http://www.w3.org/2001/XMLSchema-instance"
    xsi:schemaLocation="http://www.loc.gov/MARC21/slim http://www.loc.gov/standards/marcxml/schema/MARC21slim.xsd"
    xmlns="http://www.loc.gov/MARC21/slim">

  <leader>03447nam a2200409   4500</leader>
  <controlfield tag="001">25290</controlfield>
  <controlfield tag="003">Biblioteca APEC</controlfield>
  <controlfield tag="005">20251014134037.0</controlfield>
  <controlfield tag="008">000000t2007    dr ||||| |||| 00| 0 spa d</controlfield>
  <datafield tag="040" ind1=" " ind2=" ">
    <subfield code="c">Biblioteca UNAPEC</subfield>
    <subfield code="a">Biblioteca UNAPEC</subfield>
    <subfield code="b">spa</subfield>
    <subfield code="e">rda</subfield>
  </datafield>
  <datafield tag="041" ind1=" " ind2=" ">
    <subfield code="a">spa</subfield>
  </datafield>
  <datafield tag="072" ind1=" " ind2=" ">
    <subfield code="a">Facultad de Humanidades</subfield>
  </datafield>
  <datafield tag="090" ind1=" " ind2=" ">
    <subfield code="a">TPG MMM-01 2007</subfield>
  </datafield>
  <datafield tag="100" ind1="1" ind2=" ">
    <subfield code="a">Guzm&#xE1;n Alc&#xE1;ntara Solano, Eddy</subfield>
    <subfield code="9">73357</subfield>
    <subfield code="e">autor</subfield>
  </datafield>
  <datafield tag="245" ind1="1" ind2="0">
    <subfield code="a">Programa de formaci&#xF3;n docente en entornos virtuales de ense&#xF1;anza-aprendizaje (EVE-A) para los profesores del Decanato de Inform&#xE1;tica de la Universidad APEC /</subfield>
    <subfield code="c">Eddy Guzm&#xE1;n Alc&#xE1;ntara Solano</subfield>
  </datafield>
  <datafield tag="260" ind1=" " ind2=" ">
    <subfield code="a">Santo Domingo :</subfield>
    <subfield code="b">Universidad APEC,,</subfield>
    <subfield code="c">2007</subfield>
  </datafield>
  <datafield tag="300" ind1=" " ind2=" ">
    <subfield code="a">78 h. :</subfield>
    <subfield code="b">+ 1 CD ROM</subfield>
  </datafield>
  <datafield tag="336" ind1=" " ind2=" ">
    <subfield code="a">Texto</subfield>
    <subfield code="b">txt</subfield>
    <subfield code="2">rdacontent</subfield>
  </datafield>
  <datafield tag="337" ind1=" " ind2=" ">
    <subfield code="a">sin mediaci&#xF3;n</subfield>
    <subfield code="b">n</subfield>
    <subfield code="2">rdamedia</subfield>
  </datafield>
  <datafield tag="338" ind1=" " ind2=" ">
    <subfield code="a">volumen</subfield>
    <subfield code="b">nc</subfield>
    <subfield code="2">rdacarrier</subfield>
  </datafield>
  <datafield tag="500" ind1=" " ind2=" ">
    <subfield code="a">CAMPUS I
Incluye CD ROM</subfield>
  </datafield>
  <datafield tag="500" ind1=" " ind2=" ">
    <subfield code="a">Tesis en Formato PDF</subfield>
  </datafield>
  <datafield tag="500" ind1=" " ind2=" ">
    <subfield code="a">Tesis en Formato Electr&#xF3;nico</subfield>
  </datafield>
  <datafield tag="500" ind1=" " ind2=" ">
    <subfield code="a">Tesis en Formato Digital</subfield>
  </datafield>
  <datafield tag="502" ind1=" " ind2=" ">
    <subfield code="a">Tesis (Maestr&#xED;a en Ciencias de la Educaci&#xF3;n, Menci&#xF3;n Ense&#xF1;anza de la Ciencias Inform&#xE1;ticas) -  Universidad APEC, Universidad de Camag&#xFC;ey, 2007</subfield>
  </datafield>
  <datafield tag="505" ind1=" " ind2=" ">
    <subfield code="a">LA FORMACI&#xD3;N DEL DOCENTE EN ENTORNOS VIRTUALES DE ENSE&#xD1;ANZA-APRENDIZAJE
-Evoluci&#xF3;n hist&#xF3;rica y tendencias del desarrollo de la formaci&#xF3;n del docente en el uso de las tecnolog&#xED;as de la informaci&#xF3;n y la comunicaci&#xF3;n (TIC)
-Concepciones contempor&#xE1;neas de la formaci&#xF3;n del docente en materia de los entornos virtuales de ense&#xF1;anza-aprendizaje (EVE-A)
-Caracterizaci&#xF3;n y diagn&#xF3;stico conceptual de la formaci&#xF3;n del docente de la Universidad APEC en el uso de entornos virtuales de ense&#xF1;anza-aprendizaje
-Conclusiones
PROGRAMA DE FORMACION DEL DOCENTE EN ENTORNOS VIRTUALE SDE ENSE&#xD1;ANZA-APRENDIZAJE EN LA EDUCACION SUPERIOR
-Fundamentos del programa de formaci&#xF3;n del docente en entornos virtuaels de ense&#xF1;anza-aprendizaje (EVE-A) propuesto
-Presentaci&#xF3;n del programa de formaci&#xF3;n docente en entornos virtuales de ense&#xF1;anza-aprendizaje
-Determinaci&#xF3;n de la factibilidad de la aplicaci&#xF3;n del programa de formaci&#xF3;n docente propuesto a partir de consulta a especialistas
-Conclusiones
CONCLUSIONES
RECOMENDACIONES</subfield>
  </datafield>
  <datafield tag="520" ind1=" " ind2=" ">
    <subfield code="a">Resumen: El objeto de estudio: es el proceso de formaci&#xF3;n del docente en Tecnolog&#xED;as de la Informaci&#xF3;n y la Comunicaci&#xF3;n (TIC).
El objetivo consiste en: Elaborar un programa para la formaci&#xF3;n permanente del profesorado del decanato de Inform&#xE1;tica de la Universidad APEC en entornos virtuales de ense&#xF1;anza - aprendizaje. 
El campo de acci&#xF3;n: es la formaci&#xF3;n del docente de Inform&#xE1;tica en entornos virtuales de ense&#xF1;anza-aprendizaje (EVE-A).
La idea a defender del trabajo de investigaci&#xF3;n es la siguiente: Es posible formar a los docentes del decanato de Inform&#xE1;tica de la Universidad APEC, en el dominio de las herramientas que ofrecen los entornos virtuales de ense&#xF1;anza-aprendizaje, si se elabora un programa de formaci&#xF3;n</subfield>
  </datafield>
  <datafield tag="650" ind1=" " ind2=" ">
    <subfield code="a">Tecnolog&#xED;a educativa</subfield>
    <subfield code="9">73358</subfield>
  </datafield>
  <datafield tag="650" ind1=" " ind2=" ">
    <subfield code="a">Innovaciones educativas</subfield>
    <subfield code="9">73359</subfield>
  </datafield>
  <datafield tag="650" ind1=" " ind2=" ">
    <subfield code="a">Ense&#xF1;anza con ayuda de computadores</subfield>
    <subfield code="9">73360</subfield>
  </datafield>
  <datafield tag="650" ind1=" " ind2=" ">
    <subfield code="a">Curr&#xED;culo</subfield>
    <subfield code="9">73361</subfield>
  </datafield>
  <datafield tag="650" ind1=" " ind2=" ">
    <subfield code="a">Universidad APEC</subfield>
    <subfield code="z">-Tesis</subfield>
    <subfield code="9">73362</subfield>
  </datafield>
  <datafield tag="650" ind1=" " ind2=" ">
    <subfield code="a">Universidad de Camag&#xFC;ey</subfield>
    <subfield code="z">-Tesis</subfield>
    <subfield code="9">71702</subfield>
  </datafield>
  <datafield tag="856" ind1=" " ind2=" ">
    <subfield code="u">https://bibliotecaunapec.blob.core.windows.net/tesis/TPG_CI_MMM_01_2007_AV2906.pdf</subfield>
    <subfield code="y">Hacer clic para ver el PDF. (461 KB). Trabajo de Posgrado</subfield>
  </datafield>
  <datafield tag="912" ind1=" " ind2=" ">
    <subfield code="a">AJRP</subfield>
  </datafield>
  <datafield tag="942" ind1=" " ind2=" ">
    <subfield code="2">ddc</subfield>
    <subfield code="c">TES</subfield>
  </datafield>
  <datafield tag="999" ind1=" " ind2=" ">
    <subfield code="c">14335</subfield>
    <subfield code="d">14335</subfield>
  </datafield>
</record>
